Genomics and public health (Record no. 152821)
[ view plain ]
| 000 -LEADER | |
|---|---|
| fixed length control field | 01234nam a22003134a 4500 |
| 245 00 - TITLE STATEMENT | |
| Title | Genomics and public health |
| 260 ## - PUBLICATION, DISTRIBUTION, ETC. (IMPRINT) | |
| Place of publication | Leiden ; |
| -- | Boston : |
| Name of publisher | Martinus Nijhoff, |
| Year of publication | c2007. |
| 300 ## - PHYSICAL DESCRIPTION | |
| Number of Pages | 329 p. |
| 650 #0 - SUBJECT ADDED ENTRY--TOPICAL TERM | |
| Topical Term | Genetic screening |
| Topical Term | Genomics. |
| Topical Term | Genomics |
| Topical Term | Public health. |
| 700 1# - ADDED ENTRY--PERSONAL NAME | |
| Personal name | Knoppers, Bartha Maria. |
| 856 40 - ELECTRONIC LOCATION AND ACCESS | |
| Uniform Resource Identifier | http://site.ebrary.com/lib/rucke/Doc?id=10234948 |
No items available.
